000 00206nam a22000857a 4500
008 160701b xxu||||| |||| 00| 0 eng d
100 _91653
_a Gupta, P
245 _aThe Wild Swans
260 _aNew delhi
_bM/S Arya
999 _c1372
_d1372